[Event "Challenge"]
[Site "http://www.queenalice.com/game.php?id=497620"]
[Date "2008.11.24"]
[Round "-"]
[White "nandobr"]
[Black "ACG"]
[Result "1-0"]
[WhiteElo "1286"]
[BlackElo "1205"]

1. e4 e5 2. Qf3 Nf6 3. Bc4 Nc6 4. g4 h6 5. h4 Nd4 6. Qd3 Nxg4 7. Nf3 Nxf3+ 8.
Qxf3 Nf6 9. d3 Be7 10. Bg5 hxg5 11. hxg5 Rf8 12. gxf6 Bxf6 13. Rh7 d6 14. Rxg7
Bxg7 15. Na3 Qh4 16. Nb5 Qe7 17. O-O-O Bh6+ 18. Kb1 a6 19. Na3 1-0

[Event "Marcelo Bruno"]
[Site "http://www.queenalice.com/game.php?id=500959"]
[Date "2008.12.1"]
[Round "-"]
[White "ACG"]
[Black "Marcelo_Bruno"]
[Result "0-1"]
[WhiteElo "1476"]
[BlackElo "1861"]

1. d4 d5 2. c4 e6 3. Nc3 Nf6 4. Nf3 Nbd7 5. e3 b6 6. Bd3 Bb7 7. O-O Be7 8. b3
O-O 9. Qc2 dxc4 10. Bxc4 c5 11. Bb2 a6 12. Be2 Rc8 13. Rad1 Qc7 14. e4 cxd4 15.
Nxd4 Bxe4 16. Qd2 Bb7 17. Nf3 Bb4 18. Rc1 Nc5 19. Qe3 Rfd8 20. h3 b5 21. Nd2 Nd5
22. Nxd5 Rxd5 23. Rfd1 Qe7 24. a3 Bxd2 25. Rxd2 Rxd2 26. b4 Rxb2 27. Rd1 Na4 28.
Bd3 g6 29. Kh2 Qc7+ 30. g3 Qc6 31. Rg1 Qc3 32. Rd1 Rd8 33. h4 Rb3 34. Rd2 Rxd3
35. Rxd3 Qxd3 36. Qg5 Rb1 0-1

[Event "Challenge"]
[Site "http://www.queenalice.com/game.php?id=500961"]
[Date "2008.12.1"]
[Round "-"]
[White "RJGF"]
[Black "ACG"]
[Result "1-0"]
[WhiteElo "1995"]
[BlackElo "1513"]

1. e4 e5 2. Nf3 Nc6 3. Bb5 Nf6 4. Nc3 Bc5 5. O-O O-O 6. d3 a6 7. Bxc6 dxc6 8.
Re1 Be6 9. Nxe5 Qd4 10. Nf3 Qd7 11. d4 Bb6 12. Be3 Rad8 13. d5 Bxe3 14. Rxe3
cxd5 15. exd5 Bf5 16. Re5 Ng4 17. Re2 Qd6 18. Rd2 Qb6 19. Nd4 Bg6 20. h3 Nf6 21.
Nf3 Rfe8 22. Na4 Qa7 23. c4 Ne4 24. Re2 Rd6 25. Nh4 Rf6 26. c5 b5 27. Nc3 h6 28.
Nxg6 fxg6 29. Nxe4 Rf7 30. Nf6+ gxf6 31. Rxe8+ Kg7 32. Qd4 a5 33. Rae1 1-0

[Event "Foda"]
[Site "http://www.queenalice.com/game.php?id=500962"]
[Date "2008.12.1"]
[Round "-"]
[White "ACG"]
[Black "foda"]
[Result "0-1"]
[WhiteElo "1508"]
[BlackElo "1283"]

1. d4 Nf6 2. c4 d5 3. Nc3 Nc6 4. Nf3 dxc4 5. e3 Bg4 6. Bxc4 Bxf3 7. Qxf3 e5 8.
Qd1 exd4 9. exd4 Nxd4 10. O-O Bb4 11. Qa4+ Qd7 12. Qxd7+ Nxd7 13. Be3 Nc2 14.
Rac1 Nxe3 15. fxe3 O-O 16. Nb5 Rfc8 17. a3 c6 18. Nd4 Bd2 19. Rcd1 Bxe3+ 20. Kh1
Bxd4 21. Rxd4 Ne5 0-1

[Event "Challenge"]
[Site "http://www.queenalice.com/game.php?id=500963"]
[Date "2008.12.1"]
[Round "-"]
[White "LeandroFreitas"]
[Black "ACG"]
[Result "1-0"]
[WhiteElo "1717"]
[BlackElo "1441"]

1. d4 d5 2. Bf4 Nf6 3. Nc3 Nc6 4. Nb5 e5 5. dxe5 Ne4 6. e6 Nd6 7. exf7+ Kxf7 8.
Nxd6+ Bxd6 9. Qd2 Qf6 10. O-O-O Re8 11. e3 Bf5 12. Bb5 a6 13. Ba4 b5 14. Bb3 Be6
15. Bxd5 Bxd5 16. Qxd5+ Kf8 17. Qxc6 Kg8 18. Nf3 Re6 19. Qxa8+ Bf8 20. Rd8 h6
21. Rhd1 Qf7 22. R1d7 Qf6 23. Rxc7 1-0

[Event "Challenge"]
[Site "http://www.queenalice.com/game.php?id=504822"]
[Date "2008.12.8"]
[Round "-"]
[White "ACG"]
[Black "ray"]
[Result "1-0"]
[WhiteElo "1503"]
[BlackElo "1470"]

1. e4 c5 2. Nc3 Nf6 3. Nf3 Nc6 4. Bc4 e6 5. O-O g6 6. d3 Na5 7. b3 Nxc4 8. bxc4
Bg7 9. Bb2 O-O 10. h3 d6 11. Qd2 d5 12. e5 Nd7 13. Rfe1 f6 14. exf6 Nxf6 15.
Rad1 d4 16. Na4 b6 17. Ba1 Bb7 18. Qe2 Re8 19. c3 Bc6 20. Nb2 1-0

[Event "Challenge"]
[Site "http://www.queenalice.com/game.php?id=504823"]
[Date "2008.12.8"]
[Round "-"]
[White "ray"]
[Black "ACG"]
[Result "0-1"]
[WhiteElo "1470"]
[BlackElo "1487"]

1. c4 e5 2. Nc3 Nf6 3. g3 Nc6 4. Bg2 Bc5 5. e3 O-O 6. Nge2 d6 7. O-O Be6 8. f4
Qd7 9. fxe5 dxe5 10. d4 exd4 11. exd4 Nxd4 12. Nxd4 Bxd4+ 13. Kh1 Bxc4 14. Rf4
Rad8 15. Ne2 c5 16. b3 Bxe2 17. Qxe2 Rde8 18. Qc4 Re6 19. Rb1 Rfe8 0-1

[Event "fernandes"]
[Site "http://www.queenalice.com/game.php?id=536715"]
[Date "2009.2.7"]
[Round "-"]
[White "ACG"]
[Black "fernandes_igor"]
[Result "1-0"]
[WhiteElo "1453"]
[BlackElo "1287"]

1. d4 d5 2. c4 dxc4 3. e4 e6 4. Nc3 Qf6 5. Bxc4 c5 6. Nf3 cxd4 7. Nxd4 Bc5 8.
Be3 e5 9. Nf3 Bxe3 10. fxe3 Ne7 11. O-O Nbc6 12. Nd2 g6 13. Rxf6 O-O 14. Qf1 Na5
15. Rxf7 Rxf7 16. Qxf7+ Kh8 17. Qxe7 Nc6 18. Qf6# 1-0

[Event "Challenge"]
[Site "http://www.queenalice.com/game.php?id=536725"]
[Date "2009.2.7"]
[Round "-"]
[White "Cristianopesoa"]
[Black "ACG"]
[Result "1-0"]
[WhiteElo "1781"]
[BlackElo "1519"]

1. e4 e5 2. Qh5 Nf6 3. Qxe5+ Be7 4. Bc4 Nc6 5. Qg3 d6 6. Nc3 a6 7. Qxg7 Rf8 8.
Nd5 Be6 9. d3 b5 10. Nxf6+ Bxf6 11. Qxh7 bxc4 12. dxc4 Bxc4 13. Ne2 Qd7 14. Bh6
Rh8 15. Qf5 Qxf5 16. Be3 Qxe4 17. Nf4 1-0

[Event "Challenge"]
[Site "http://www.queenalice.com/game.php?id=541359"]
[Date "2009.2.16"]
[Round "-"]
[White "ACG"]
[Black "Malukinha"]
[Result "0-1"]
[WhiteElo "1483"]
[BlackElo "1602"]

1. d4 d5 2. c4 Nf6 3. Nc3 Nc6 4. Nf3 Bf5 5. e3 e6 6. Be2 Bb4 7. Bd2 O-O 8. O-O
Bxc3 9. Bxc3 b6 10. b4 a5 11. b5 Ne7 12. Qb3 a4 13. Qa3 Ne4 14. Bb4 Re8 15. Ne5
f6 16. Nd3 dxc4 17. Nf4 h6 0-1

[Event "Challenge"]
[Site "http://www.queenalice.com/game.php?id=541825"]
[Date "2009.2.17"]
[Round "-"]
[White "ACG"]
[Black "Marcelo_Araujo"]
[Result "0-1"]
[WhiteElo "1461"]
[BlackElo "1787"]

1. d4 Nf6 2. c4 g6 3. Nc3 Bg7 4. Nf3 O-O 5. e3 e6 6. Bd3 d6 7. O-O c6 8. b3 b6
9. Bb2 Nbd7 10. Qe2 Bb7 11. a4 Rb8 12. Rfe1 c5 13. h3 cxd4 14. exd4 d5 15. Ba3
Re8 16. Nb5 Bf8 17. Bd6 Bxd6 18. Nxd6 Re7 19. Ng5 dxc4 20. bxc4 Nf8 21. Qe3 Qxd6
22. Rac1 Qc6 0-1

[Event "!!SK8!!"]
[Site "http://www.queenalice.com/game.php?id=542349"]
[Date "2009.2.18"]
[Round "-"]
[White "ACG"]
[Black "Sk8"]
[Result "1-0"]
[WhiteElo "1464"]
[BlackElo "1578"]

1. d4 d6 2. c4 Nf6 3. Nc3 Na6 4. Nf3 e6 5. e3 d5 6. Bd3 Bd6 7. O-O O-O 8. b3 Ng4
9. h3 Nh6 10. Bb2 Qf6 11. Qe2 Nb4 12. a3 Nxd3 13. Qxd3 Qg6 14. Qe2 e5 15. dxe5
Bxh3 16. Nh4 Qg4 17. Qxg4 Bxg4 18. Nxd5 Bc5 19. Nxc7 Rac8 20. Nd5 a6 21. Rae1 b5
22. cxb5 axb5 23. b4 Ba7 24. Ne7+ Kh8 25. Nxc8 Bxc8 26. Rd1 Bb8 27. Nf3 Ng4 28.
Rd2 f6 29. Rfd1 Bc7 30. Bd4 Nxe5 31. Bxe5 fxe5 32. Nh2 e4 33. Nf1 g6 34. Rd4 Bb7
35. Rd7 Rc8 36. Nd2 Bc6 37. Re7 Bd6 38. Re6 Bf8 39. Nb3 Re8 40. Rxc6 g5 41. Nc5
Bxc5 42. bxc5 g4 43. Rd7 h5 44. Rcd6 h4 45. Rd8 Rxd8 46. Rxd8+ 1-0

[Event "Challenge"]
[Site "http://www.queenalice.com/game.php?id=543435"]
[Date "2009.2.20"]
[Round "-"]
[White "Vinicius_Albuquerque"]
[Black "ACG"]
[Result "1-0"]
[WhiteElo "1831"]
[BlackElo "1511"]

1. d4 d5 2. c4 c6 3. Nc3 Nf6 4. Nf3 Bf5 5. e3 Nbd7 6. h3 Qc7 7. cxd5 cxd5 8. Bb5
Rd8 9. O-O a6 10. Ba4 g6 11. Bd2 Qc8 12. Rc1 Bg7 13. Qe2 O-O 14. Nxd5 Qb8 15.
Bb4 1-0